Statistiques concernant Culture Générale - Série 1084

Cliquez ici pour prendre le quiz!

Statistiques générales

  • Ce quiz a été pris 81 fois
  • Le résultat moyen est 6 sur 10

Statistiques - réponses

QuestionRéponse% Correct
Quelle charcuterie peut être d'York, crue, au torchon ou à l'os ?jambon
99%
Quel État américain est séparé de la Sibérie par le détroit de Béring ?Alaska
88%
Quel fruit appelle-t-on "ficus" en latin ?figue
88%
Quel mot désigne à la fois une touffe de fleurs coupées et une crevette rose ?bouquet
83%
Dans quel pays du continent américain se trouve la ville de Calgary ?Canada
83%
Complétez ce titre d'un roman de Ian Fleming de 1965 : "L'homme au pistolet...d'or
79%
À quel temps de l'indicatif est conjugué le verbe finir, dans la forme : “j'eus fini” ?passé antérieur
60%
Dans quelle pièce de Sartre les personnages découvrent-ils que “l'enfer, c'est les autres” ?Huis Clos
33%
Le second volet des aventures cinématographiques de Kirikou s'intitule "Kirikou et...les bêtes sauvages
17%
Quel est le prénom du dernier des douze fils de Jacob et Rachel ?Benjamin
9%

Distribution des résultats

Percentile par nombre de réponses

% des personnes avec chaque résultat

Votre développement - résultats

Vous n’avez pas pris ce quiz